[Event "VII Festival A"]
[Site "Livorno ITA"]
[Date "2011.07.01"]
[Round "1"]
[White "Bini, Alessandro"]
[Black "Annoni, Riccardo"]
[Result "0-1"]
[WhiteElo "1915"]
[BlackElo "2068"]
[PlyCount "54"]
[EventDate "2011.07.01"]

1. c4 e5 2. Nc3 Nc6 3. g3 d6 4. Bg2 Be6 5. Nd5 Qd7 6. d3 g6 7. Rb1 Bg7 8. b4
Nd8 9. e4 c6 10. Nc3 Ne7 11. Qa4 O-O 12. Nge2 Bh3 13. O-O Bxg2 14. Kxg2 Ne6 15.
Be3 f5 16. exf5 Nxf5 17. Bd2 Nfd4 18. f4 Bh6 19. Qd1 exf4 20. Nxf4 Nxf4+ 21.
Bxf4 Bxf4 22. gxf4 Rae8 23. b5 Nf5 24. Qd2 Ne3+ 25. Kh1 Nxf1 26. Rxf1 Qh3 27.
Ne4 Qxf1# 0-1

[Event "VII Festival A"]
[Site "Livorno ITA"]
[Date "2011.07.01"]
[Round "1"]
[White "Brioschi, Camillo"]
[Black "Garofalo, Simone"]
[Result "0-1"]
[WhiteElo "1832"]
[BlackElo "1977"]
[PlyCount "38"]
[EventDate "2011.07.01"]

1. d4 Nf6 2. c4 g6 3. Nc3 Bg7 4. e4 d6 5. Be2 O-O 6. Nf3 e5 7. dxe5 dxe5 8.
Qxd8 Rxd8 9. Bg5 Re8 10. O-O-O c6 11. Nxe5 Na6 12. f4 Nc5 13. Bxf6 Bxf6 14. Ng4
Bxc3 15. bxc3 Nxe4 16. Rhf1 h5 17. Ne5 Nxc3 18. Rd2 Nxe2+ 19. Rxe2 f6 0-1

[Event "VII Festival A"]
[Site "Livorno ITA"]
[Date "2011.07.01"]
[Round "1"]
[White "Carosi, Ivan"]
[Black "Coqueraut, Jean Dominique"]
[Result "1/2-1/2"]
[WhiteElo "1993"]
[BlackElo "1833"]
[PlyCount "87"]
[EventDate "2011.07.01"]

1. d4 d5 2. c4 c6 3. Nc3 Nf6 4. Bf4 e6 5. e3 Bb4 6. a3 Bxc3+ 7. bxc3 Nbd7 8.
Bd3 dxc4 9. Bxc4 Nd5 10. Bxd5 exd5 11. Nf3 O-O 12. O-O Re8 13. Qd3 Nf8 14. Rfe1
Ne6 15. Bg3 b6 16. e4 dxe4 17. Qxe4 Bb7 18. Ne5 Qd5 19. f3 c5 20. Qxd5 Bxd5 21.
c4 Bb7 22. d5 Nd4 23. Rac1 f6 24. Nd3 Ne2+ 25. Rxe2 Rxe2 26. Nf4 Re3 27. Ne6
Kf7 28. Nc7 Rd8 29. Kf2 Rxa3 30. Re1 Rd7 31. Re2 Re7 32. Rd2 Ra4 33. Nb5 Rd7
34. Nd6+ Rxd6 35. Bxd6 Rxc4 36. Bb8 Rd4 37. Rxd4 cxd4 38. Bxa7 Bxd5 39. Bxb6 d3
40. Ke3 Bc4 41. g3 Ke6 42. Ba5 g6 43. Bc3 f5 44. f4 1/2-1/2

[Event "VII Festival A"]
[Site "Livorno ITA"]
[Date "2011.07.01"]
[Round "1"]
[White "Casarosa, Michele"]
[Black "Efimov, Igor"]
[Result "0-1"]
[WhiteElo "1976"]
[BlackElo "2428"]
[PlyCount "52"]
[EventDate "2011.07.01"]

1. e4 c5 2. Nf3 e6 3. d4 cxd4 4. Nxd4 Nf6 5. Nc3 Nc6 6. Ndb5 d6 7. Bf4 e5 8.
Bg5 a6 9. Na3 b5 10. Nd5 Be7 11. Bxf6 Bxf6 12. c3 Bg5 13. Nc2 Rb8 14. Be2 O-O
15. O-O a5 16. a3 g6 17. b4 Be6 18. a4 bxa4 19. b5 Bxd5 20. Qxd5 Ne7 21. Qa2 d5
22. exd5 Qxd5 23. Ne3 Bxe3 24. fxe3 Qxa2 25. Rxa2 Nd5 26. Bc4 Nxe3 0-1

[Event "VII Festival A"]
[Site "Livorno ITA"]
[Date "2011.07.01"]
[Round "1"]
[White "Ceccarini, Marco"]
[Black "Castellano, Alfonso"]
[Result "1/2-1/2"]
[WhiteElo "2052"]
[BlackElo "1910"]
[PlyCount "88"]
[EventDate "2011.07.01"]

1. e4 c5 2. Nc3 Nc6 3. g3 g6 4. d3 Bg7 5. Be3 d6 6. Qd2 e5 7. Bg2 h5 8. Nd5 Be6
9. Nf3 f6 10. Nh4 Nge7 11. f4 Qd7 12. Nxe7 Nxe7 13. fxe5 fxe5 14. Bg5 Bf7 15.
O-O O-O 16. Rf2 Kh7 17. Raf1 Be6 18. Rxf8 Rxf8 19. Rxf8 Bxf8 20. Qf2 Bg7 21.
Bf1 Nc6 22. a3 Qf7 23. Qxf7 Bxf7 24. Bh3 Bh6 25. Nf3 Be8 26. c3 Kg7 27. Bc8 b6
28. h4 Bxg5 29. Nxg5 Nd8 30. Kf2 Kf6 31. Ke3 Bc6 32. d4 Nf7 33. Nxf7 Kxf7 34.
b4 Kf6 35. dxc5 dxc5 36. Ba6 g5 37. bxc5 bxc5 38. Bc4 gxh4 39. gxh4 Be8 40. Bd5
Bb5 41. Bb3 Kg6 42. Bd5 Bd7 43. Bb3 Bb5 44. Bd5 a5 1/2-1/2

[Event "VII Festival A"]
[Site "Livorno ITA"]
[Date "2011.07.01"]
[Round "1"]
[White "Franceschi, Riccardo"]
[Black "Giuntoli, Matteo"]
[Result "0-1"]
[WhiteElo "2082"]
[BlackElo "1938"]
[PlyCount "32"]
[EventDate "2011.07.01"]

1. e4 e5 2. Bc4 Nf6 3. Nc3 Nc6 4. d3 Bb4 5. f4 d5 6. exd5 Nxd5 7. Bxd5 Qxd5 8.
Qf3 Qc5 9. Bd2 Nd4 10. Qd1 exf4 11. a3 Qe5+ 12. Nce2 Bxd2+ 13. Qxd2 Bg4 14.
O-O-O O-O-O 15. Re1 Rhe8 16. Nf3 Nxe2+ 0-1

[Event "VII Festival A"]
[Site "Livorno ITA"]
[Date "2011.07.01"]
[Round "1"]
[White "Kizov, Atanas"]
[Black "Sernagiotto, Mirko Virgilio"]
[Result "1-0"]
[WhiteElo "2393"]
[BlackElo "1970"]
[PlyCount "47"]
[EventDate "2011.07.01"]

1. d4 d5 2. Nf3 Nf6 3. c4 c6 4. Qc2 g6 5. Bf4 Bf5 6. Qb3 Qb6 7. e3 Bxb1 8. Rxb1
Nbd7 9. Bd3 Bg7 10. h3 Qxb3 11. axb3 c5 12. O-O O-O 13. Rfd1 Rfc8 14. Ne5 e6
15. Be2 cxd4 16. exd4 Nb8 17. c5 a6 18. b4 Nfd7 19. Nxd7 Nxd7 20. Ra1 h6 21.
Be3 b5 22. Ra2 Ra7 23. Bxb5 Rb8 24. Rxa6 1-0

[Event "VII Festival A"]
[Site "Livorno ITA"]
[Date "2011.07.01"]
[Round "1"]
[White "Soventi, Maurizio"]
[Black "Calcagnile, Lucio"]
[Result "1/2-1/2"]
[WhiteElo "1874"]
[BlackElo "2024"]
[PlyCount "96"]
[EventDate "2011.07.01"]

1. d4 Nf6 2. Nf3 c5 3. e3 e6 4. Bd3 b6 5. O-O Bb7 6. c4 Be7 7. Nc3 cxd4 8. exd4
d5 9. Ne5 dxc4 10. Bxc4 O-O 11. Be3 Nc6 12. Qe2 Rc8 13. Rfd1 Qc7 14. Nb5 Qb8
15. Bf4 Nxe5 16. Bxe5 Qa8 17. Nc7 Rxc7 18. Bxc7 Bxg2 19. d5 Bxd5 20. Bxd5 Nxd5
21. Be5 Bf6 22. Bxf6 Nxf6 23. Rac1 Nd5 24. Qg4 f5 25. Qc4 Rf6 26. Qc8+ Qxc8 27.
Rxc8+ Kf7 28. Rd2 Rg6+ 29. Kf1 Rg4 30. f3 Rh4 31. Ra8 a5 32. Ra7+ Kf6 33. Rb7
Rh3 34. Rf2 g5 35. Kg2 Nf4+ 36. Kg1 Nd5 37. Rb8 Kf7 38. Kf1 Kg7 39. Ke2 Kf7 40.
a3 Kg7 41. Kd2 Kf6 42. Rc8 Ke7 43. Rg8 Kf6 44. Rc8 Ke7 45. Ke1 Nf4 46. Kd2 Nd5
47. Ke1 Nf4 48. Rc3 Nd5 1/2-1/2

[Event "VII Festival A"]
[Site "Livorno ITA"]
[Date "2011.07.01"]
[Round "1"]
[White "Vicari, Luigi"]
[Black "Dragojlovic, Andjelko"]
[Result "0-1"]
[WhiteElo "1956"]
[BlackElo "2380"]
[PlyCount "70"]
[EventDate "2011.07.01"]

1. e4 c5 2. Nc3 g6 3. Nf3 Bg7 4. Bc4 Nc6 5. O-O d6 6. d3 Nf6 7. h3 a6 8. a4 e6
9. Re1 O-O 10. Bg5 h6 11. Be3 d5 12. Bxc5 dxc4 13. Bxf8 Qxf8 14. dxc4 Qb4 15.
Qd3 Nd7 16. Red1 Qxb2 17. Ne2 Nde5 18. Nxe5 Qxe5 19. c3 Qc5 20. Rab1 e5 21. Ng3
b6 22. Nf1 Be6 23. Ne3 Na5 24. Qd6 Nxc4 25. Nxc4 Qxc4 26. Rxb6 Qxa4 27. Rdb1
Qxe4 28. Rb8+ Kh7 29. Rxa8 Qxb1+ 30. Kh2 Qf5 31. Qd8 h5 32. Rxa6 Qxf2 33. Ra8
Qf4+ 34. Kh1 e4 35. h4 Qf1+ 0-1

[Event "VII Festival A"]
[Site "Livorno ITA"]
[Date "2011.07.02"]
[Round "2"]
[White "Annoni, Riccardo"]
[Black "Kizov, Atanas"]
[Result "1/2-1/2"]
[WhiteElo "2068"]
[BlackElo "2393"]
[PlyCount "143"]
[EventDate "2011.07.01"]

1. d4 Nf6 2. Bg5 c5 3. d5 Qb6 4. Nc3 Qxb2 5. Bd2 Qb6 6. Rb1 Qd8 7. e4 d6 8. f4
g6 9. Bc4 Bg7 10. Nf3 O-O 11. O-O Nfd7 12. Qe1 Nb6 13. Be2 e6 14. a4 exd5 15.
exd5 Re8 16. Qf2 f5 17. Kh1 Na6 18. Bb5 Re7 19. Ng5 Nc7 20. Rfe1 h6 21. Rxe7
Qxe7 22. Re1 Qf6 23. Nf3 Bd7 24. Bxd7 Nxd7 25. Nb5 Nxb5 26. axb5 Nf8 27. Qe3 a5
28. bxa6 Rxa6 29. Qb3 Qf7 30. h4 Ra8 31. c4 Ra1 32. Rxa1 Bxa1 33. Qb6 Bf6 34.
Qxd6 Qe7 35. Qxe7 Bxe7 36. g3 Bf6 37. Ne5 g5 38. hxg5 hxg5 39. Kg2 g4 40. Ba5
Nh7 41. Nd7 Kf7 42. Ne5+ Ke8 43. Ng6 Be7 44. Bb6 Nf6 45. Nxe7 Kxe7 46. Bxc5+
Kd7 47. Bb4 Ne4 48. c5 Nf6 49. d6 Ne4 50. Ba3 Kc6 51. Bb4 b6 52. cxb6 Kxb6 53.
Ba3 Kc6 54. Bb4 Nf6 55. Ba3 Ne4 56. Bb4 Kd7 57. Ba3 Ke6 58. Bb4 Nf6 59. Ba3 Nd7
60. Kf2 Nf6 61. Bb4 Ne4+ 62. Kg2 Nxd6 63. Bxd6 Kxd6 64. Kf2 Kd5 65. Ke3 Kc4 66.
Ke2 Kc3 67. Ke3 Kc4 68. Ke2 Kd4 69. Kd2 Ke4 70. Ke2 Kd4 71. Kd2 Ke4 72. Ke2
1/2-1/2

[Event "VII Festival A"]
[Site "Livorno ITA"]
[Date "2011.07.02"]
[Round "2"]
[White "Calcagnile, Lucio"]
[Black "Selifanov, Konstantin"]
[Result "1-0"]
[WhiteElo "2024"]
[BlackElo "1896"]
[PlyCount "70"]
[EventDate "2011.07.01"]

1. c4 e5 2. Nc3 Nf6 3. Nf3 Nc6 4. g3 Bc5 5. Bg2 O-O 6. O-O d6 7. d3 Be6 8. Ng5
Qd7 9. Nxe6 fxe6 10. a3 d5 11. b4 Bd4 12. Qb3 dxc4 13. dxc4 a5 14. Rb1 Ng4 15.
Ne4 axb4 16. axb4 Qf7 17. e3 Ra1 18. Rxa1 Bxa1 19. h3 Nf6 20. Ng5 Qd7 21. b5
Nd8 22. Ba3 h6 23. Rxa1 hxg5 24. Bxf8 Kxf8 25. Rd1 Qe7 26. Qd3 Nf7 27. Bxb7 Nd6
28. Bc6 e4 29. Qd4 e5 30. Qc5 Qe6 31. Bd5 Qd7 32. Qc6 Ke7 33. Qxd7+ Nxd7 34.
Bc6 Nc5 35. Rd5 Ne6 1-0

[Event "VII Festival A"]
[Site "Livorno ITA"]
[Date "2011.07.02"]
[Round "2"]
[White "Casarosa, Michele"]
[Black "Bini, Alessandro"]
[Result "1/2-1/2"]
[WhiteElo "1976"]
[BlackElo "1915"]
[PlyCount "93"]
[EventDate "2011.07.01"]

1. e4 g6 2. Nf3 Bg7 3. d4 d6 4. Be2 Nf6 5. Nc3 Bg4 6. h3 Bxf3 7. Bxf3 c6 8. O-O
O-O 9. Bf4 Nfd7 10. Qd2 Qb6 11. Be3 Re8 12. Rab1 a5 13. Ne2 Qc7 14. Bh6 Bh8 15.
h4 c5 16. c3 Nc6 17. h5 cxd4 18. cxd4 Qb6 19. hxg6 hxg6 20. Be3 Qb4 21. Qd3 Na7
22. Rfc1 Rec8 23. Nc3 e6 24. a3 Qc4 25. Qxc4 Rxc4 26. Be2 Rc7 27. Nb5 Nxb5 28.
Bxb5 Rxc1+ 29. Rxc1 Nb6 30. b3 d5 31. e5 Rc8 32. Rc5 f6 33. Rxc8+ Nxc8 34. Bd7
Ne7 35. Bxe6+ Kh7 36. Bf4 b6 37. exf6 Bxf6 38. Be5 Kg7 39. Kf1 Nc6 40. Bxf6+
Kxf6 41. Bxd5 Nxd4 42. f3 Ke5 43. Bf7 g5 44. Kf2 b5 45. Ke3 Nc2+ 46. Kd2 Nxa3
47. g3 1/2-1/2

[Event "VII Festival A"]
[Site "Livorno ITA"]
[Date "2011.07.02"]
[Round "2"]
[White "Castellano, Alfonso"]
[Black "Carosi, Ivan"]
[Result "0-1"]
[WhiteElo "1910"]
[BlackElo "1993"]
[PlyCount "97"]
[EventDate "2011.07.01"]

1. c4 e5 2. g3 d6 3. Bg2 Nc6 4. Nc3 g6 5. e3 Bg7 6. Nge2 Nge7 7. O-O O-O 8. d4
exd4 9. exd4 Nf5 10. d5 Ne5 11. b3 Re8 12. Bb2 a5 13. h3 Kh8 14. Qd2 Nd7 15.
Ne4 Nc5 16. Bxg7+ Kxg7 17. N2c3 f6 18. Rad1 b6 19. Rfe1 Nh6 20. g4 f5 21. Qd4+
Kf7 22. g5 fxe4 23. gxh6 Qf6 24. Nxe4 Nxe4 25. Rxe4 Qxd4 26. Rdxd4 Bf5 27. Rf4
Re2 28. Be4 Kf6 29. Rf3 Ke5 30. Bxf5 Kxd4 31. Bd7 Re7 32. Bc6 Rg8 33. Kg2 g5
34. Kg3 Rg6 35. Kg4 Rxh6 36. Kxg5 Rg6+ 37. Kh4 Reg7 38. Be8 Rh6+ 39. Bh5 b5 40.
Rf4+ Ke5 41. Rf8 bxc4 42. bxc4 Rf6 43. Re8+ Kd4 44. Be2 Rxf2 45. Kh5 Rg3 46.
Bg4 Kxc4 47. Re7 Kxd5 48. Rxc7 Rxa2 49. Rxh7 0-1

[Event "VII Festival A"]
[Site "Livorno ITA"]
[Date "2011.07.02"]
[Round "2"]
[White "Coqueraut, Jean Dominique"]
[Black "Soventi, Maurizio"]
[Result "1-0"]
[WhiteElo "1833"]
[BlackElo "1874"]
[PlyCount "57"]
[EventDate "2011.07.01"]

1. d4 d5 2. c4 c6 3. Nc3 Nf6 4. Nf3 a6 5. cxd5 cxd5 6. Bf4 e6 7. e3 Nc6 8. Rc1
Be7 9. Bd3 Nh5 10. Bg3 Nxg3 11. hxg3 h6 12. Bb1 Bd7 13. a3 b5 14. b4 Qb6 15.
Qd3 Bf6 16. O-O h5 17. Rc2 Qd8 18. Rfc1 h4 19. g4 h3 20. g3 Rc8 21. Kh2 Bg5 22.
Ng1 Qf6 23. f4 Bxf4 24. gxf4 Qh4 25. Qe2 g6 26. Qf3 Ke7 27. Qg3 Qf6 28. Nf3 Rh7
29. Nd1 1-0

[Event "VII Festival A"]
[Site "Livorno ITA"]
[Date "2011.07.02"]
[Round "2"]
[White "Dragojlovic, Andjelko"]
[Black "Garofalo, Simone"]
[Result "1-0"]
[WhiteElo "2380"]
[BlackElo "1977"]
[PlyCount "115"]
[EventDate "2011.07.01"]

1. Nf3 Nf6 2. g3 g6 3. Bg2 Bg7 4. O-O O-O 5. d3 d6 6. e4 Nc6 7. Nbd2 Bd7 8. c3
e5 9. b4 a6 10. a3 Re8 11. Re1 Qc8 12. d4 exd4 13. cxd4 Bh3 14. Bb2 Bxg2 15.
Kxg2 Qd7 16. Qb3 d5 17. e5 Nh5 18. h3 Bf8 19. Nf1 Ng7 20. Ne3 Rad8 21. Ng4 Be7
22. Nh6+ Kf8 23. Qd3 Ne6 24. Bc1 Kg7 25. h4 Rf8 26. Qe3 f5 27. exf6+ Rxf6 28.
Ng5 Nxg5 29. hxg5 Rff8 30. Qd3 Bd6 31. Rh1 Rde8 32. Rh4 Qe6 33. Be3 Nd8 34.
Rah1 Rh8 35. Qd2 Nf7 36. Ng4 Be7 37. Ne5 Nd6 38. g4 Ref8 39. f3 Nf7 40. f4 Nd6
41. Rh6 Ne4 42. Qc2 Bd6 43. f5 Qc8 44. f6+ Kg8 45. Qe2 Bxe5 46. dxe5 Qe6 47.
Bf4 Rf7 48. Qf3 c6 49. Qh3 Rd7 50. Rxg6+ Kf8 51. Rh6 d4 52. Rf1 d3 53. g6 Rg8
54. gxh7 Rh8 55. f7 Qa2+ 56. Kg1 d2 57. Rd6 Rxd6 58. exd6 1-0

[Event "VII Festival A"]
[Site "Livorno ITA"]
[Date "2011.07.02"]
[Round "2"]
[White "Efimov, Igor"]
[Black "Nelli, Marcello"]
[Result "1-0"]
[WhiteElo "2428"]
[BlackElo "1794"]
[PlyCount "37"]
[EventDate "2011.07.01"]

1. d4 e6 2. Nf3 Nf6 3. c4 d5 4. Nc3 Be7 5. Bf4 O-O 6. e3 Nh5 7. Be5 f6 8. Bg3
Nxg3 9. hxg3 c6 10. Qc2 h6 11. Bd3 Nd7 12. g4 dxc4 13. Bxc4 Nb6 14. Bb3 Nd5 15.
Rxh6 gxh6 16. Qg6+ Kh8 17. Qxh6+ Kg8 18. Qg6+ Kh8 19. O-O-O 1-0

[Event "VII Festival A"]
[Site "Livorno ITA"]
[Date "2011.07.02"]
[Round "2"]
[White "Franceschi, Riccardo"]
[Black "Vicari, Luigi"]
[Result "1-0"]
[WhiteElo "2082"]
[BlackElo "1956"]
[PlyCount "71"]
[EventDate "2011.07.01"]

1. e4 e5 2. Nf3 Nc6 3. Bb5 Nf6 4. Nc3 Bc5 5. d3 d6 6. Bg5 a6 7. Ba4 h6 8. Bh4
Bg4 9. h3 Bh5 10. g4 Bg6 11. Nd5 b5 12. Bb3 Na5 13. Nd2 h5 14. Qf3 hxg4 15.
hxg4 Nxb3 16. Nxb3 c6 17. O-O-O Rxh4 18. Nxf6+ Qxf6 19. Qxf6 gxf6 20. Rxh4 Ke7
21. Nxc5 dxc5 22. Rdh1 c4 23. Rh8 Ra7 24. Kd2 cxd3 25. cxd3 Kd6 26. Ke3 a5 27.
Rc1 a4 28. Rb8 Rc7 29. Rb6 Kd7 30. f3 Kd6 31. d4 Kd7 32. Rc5 Rc8 33. d5 cxd5
34. Rxc8 d4+ 35. Kd3 Kxc8 36. Rxb5 1-0

[Event "VII Festival A"]
[Site "Livorno ITA"]
[Date "2011.07.02"]
[Round "2"]
[White "Giuntoli, Matteo"]
[Black "Ceccarini, Marco"]
[Result "0-1"]
[WhiteElo "1938"]
[BlackElo "2052"]
[PlyCount "86"]
[EventDate "2011.07.01"]

1. d4 f5 2. c4 Nf6 3. Nf3 g6 4. g3 Bg7 5. Bg2 O-O 6. Nc3 d6 7. O-O Nc6 8. d5
Na5 9. Nd2 c5 10. e4 fxe4 11. Ncxe4 Nxe4 12. Bxe4 Bh3 13. Bg2 Qd7 14. Qe2 Bd4
15. Nb3 Bg4 16. Qd3 Nxb3 17. axb3 Qf5 18. Qxf5 Bxf5 19. Bg5 Rf7 20. Rfe1 Bxb2
21. Ra2 Bc3 22. Re6 Bf6 23. Bxf6 Bxe6 24. Bxe7 Rxe7 25. dxe6 Kg7 26. Bd5 a6 27.
Kg2 Rf8 28. h3 Rf5 29. f4 h6 30. Re2 b5 31. Ra2 bxc4 32. bxc4 Ra7 33. Rxa6 Rxa6
34. e7 Rf8 35. exf8=Q+ Kxf8 36. Kf3 Ra3+ 37. Kg4 Kg7 38. f5 g5 39. h4 Kf6 40.
Be6 h5+ 41. Kh3 g4+ 42. Kg2 Rf3 43. Bd7 Rxf5 0-1

[Event "VII Festival A"]
[Site "Livorno ITA"]
[Date "2011.07.02"]
[Round "2"]
[White "Sernagiotto, Mirko Virgilio"]
[Black "Brioschi, Camillo"]
[Result "1/2-1/2"]
[WhiteElo "1970"]
[BlackElo "1832"]
[PlyCount "111"]
[EventDate "2011.07.01"]

1. d4 Nf6 2. Nf3 g6 3. Bf4 d6 4. e3 Bg7 5. Bc4 Nc6 6. c3 Bf5 7. Nbd2 O-O 8. O-O
Ne8 9. e4 Bg4 10. h3 Bxf3 11. Nxf3 e5 12. Bg5 Bf6 13. Bh6 Bg7 14. Qd2 Nf6 15.
Rfe1 Qd7 16. Rad1 Rad8 17. Bg5 Rfe8 18. d5 Ne7 19. Bf1 Nh5 20. g4 Nf6 21. c4 h5
22. Bxf6 Bxf6 23. gxh5 gxh5 24. Qh6 Ng6 25. Qxh5 Kg7 26. Qg4 Qe7 27. b4 Rh8 28.
Bg2 Rdg8 29. Re3 Kf8 30. Qc8+ Qd8 31. Qxd8+ Bxd8 32. Ne1 Bh4 33. Nd3 Bg5 34.
Rg3 Bf4 35. Rg4 Nh4 36. Nxf4 exf4 37. f3 Rxg4 38. hxg4 Ng6 39. c5 Ke7 40. a4 f6
41. Bf1 Ne5 42. Kg2 Rb8 43. Be2 Rh8 44. Rc1 Kd8 45. a5 Rh7 46. b5 b6 47. axb6
axb6 48. c6 Kc8 49. Ra1 Kb8 50. Ra6 Rh6 51. Ra1 Rh7 52. Rh1 Rxh1 53. Kxh1 Nf7
54. Kg2 Ng5 55. Kf2 Kc8 56. Kg2 1/2-1/2

[Event "VII Festival A"]
[Site "Livorno ITA"]
[Date "2007.07.02"]
[Round "3"]
[White "Brioschi, Camillo"]
[Black "Casarosa, Michele"]
[Result "0-1"]
[WhiteElo "1832"]
[BlackElo "1976"]
[PlyCount "81"]
[EventDate "2011.07.01"]

1. d4 Nf6 2. c4 g6 3. Nc3 Bg7 4. e4 d6 5. Be2 O-O 6. Nf3 c6 7. O-O Qc7 8. Bf4
Nh5 9. Be3 e5 10. Qd2 Bg4 11. h3 Bxf3 12. Bxf3 Nf6 13. Rad1 Nbd7 14. Rfe1 Rfe8
15. d5 c5 16. Nb5 Qb8 17. Qa5 a6 18. Na3 Qd8 19. Qxd8 Rexd8 20. Bd2 Kf8 21. Bg4
Ke7 22. Bxd7 Nxd7 23. Rb1 Rdb8 24. b4 b6 25. Rb3 Kd8 26. Reb1 Bf6 27. Be3 Kc7
28. R1b2 Bg7 29. Nc2 f5 30. f3 fxe4 31. Rb1 exf3 32. gxf3 Bf6 33. Bh6 Kd8 34.
Ne3 Ke7 35. Ng4 a5 36. b5 Rg8 37. Nxf6 Kxf6 38. h4 Kf7 39. Re3 Rge8 40. Rf1 Kg8
41. Kf2 {...} 0-1

[Event "VII Festival A"]
[Site "Livorno ITA"]
[Date "2011.07.02"]
[Round "3"]
[White "Carosi, Ivan"]
[Black "Annoni, Riccardo"]
[Result "1/2-1/2"]
[WhiteElo "1993"]
[BlackElo "2068"]
[PlyCount "116"]
[EventDate "2011.07.01"]

1. d4 d5 2. c4 c6 3. Nc3 Nf6 4. Nf3 e6 5. Bf4 dxc4 6. a4 Bb4 7. Qc2 O-O 8. e3
b5 9. axb5 cxb5 10. Bxb8 Rxb8 11. Be2 a6 12. O-O Bb7 13. b3 cxb3 14. Qxb3 Qe7
15. Ne5 Rfc8 16. Rfc1 Bxc3 17. Rxc3 Rxc3 18. Qxc3 Rc8 19. Qa5 Nd5 20. Nd3 Nc3
21. Bf1 Na4 22. Rxa4 bxa4 23. Qxa4 Qe8 24. Qxe8+ Rxe8 25. Nc5 Bc8 26. Nxa6 Bxa6
27. Bxa6 Ra8 28. Bf1 Ra1 29. g3 f5 30. Kg2 g5 31. h3 Kf7 32. Bc4 Rc1 33. Bb3
Rc3 34. Bd1 Kf6 35. Ba4 h6 36. Bb5 Rb3 37. Bc6 Rc3 38. Bb7 Ke7 39. Kf3 Kd6 40.
Ba6 e5 41. dxe5+ Kxe5 42. Bb5 Rc2 43. Bd7 Rd2 44. Bc8 Rd1 45. Ba6 Rh1 46. Kg2
Ra1 47. Bb7 Rb1 48. Bc6 Rc1 49. Bb7 f4 50. exf4+ gxf4 51. Kf3 fxg3 52. fxg3 Kf5
53. Be4+ Ke5 54. Bg6 Rc6 55. Be8 Rf6+ 56. Kg4 Ke4 57. h4 Ke3 58. Kh5 Kf3
1/2-1/2

[Event "VII Festival A"]
[Site "Livorno ITA"]
[Date "2011.07.02"]
[Round "3"]
[White "Ceccarini, Marco"]
[Black "Coqueraut, Jean Dominique"]
[Result "1/2-1/2"]
[WhiteElo "2052"]
[BlackElo "1833"]
[PlyCount "79"]
[EventDate "2011.07.01"]

1. e4 d6 2. d4 Nf6 3. Nc3 g6 4. Be3 Bg7 5. Qd2 O-O 6. Bh6 Bxh6 7. Qxh6 c6 8.
O-O-O Qa5 9. Nf3 Nbd7 10. Ng5 e5 11. Rd3 Re8 12. Rf3 b5 13. Nxf7 Kxf7 14. Qxh7+
Kf8 15. Qxg6 exd4 16. Bxb5 dxc3 17. Bxc6 cxb2+ 18. Kb1 Ke7 19. Bxa8 Rf8 20. Rg3
Ne5 21. Qh6 Be6 22. Bd5 Nf7 23. Qe3 Nxd5 24. exd5 Qxd5 25. Qxa7+ Kf6 26. Rd3
Qxg2 27. Re1 Ra8 28. Qd4+ Ke7 29. Rb3 Kd7 30. Rxb2 Qc6 31. f4 Qa6 32. Qb6 Bxa2+
33. Kc1 Qxb6 34. Rxb6 Kc7 35. Rb4 Bd5 36. Rd4 Kc6 37. Re7 Nh6 38. c4 Bf3 39.
Rd3 Bg4 40. Rd2 1/2-1/2

[Event "VII Festival A"]
[Site "Livorno ITA"]
[Date "2011.07.02"]
[Round "3"]
[White "Garofalo, Simone"]
[Black "Giuntoli, Matteo"]
[Result "0-1"]
[WhiteElo "1977"]
[BlackElo "1938"]
[PlyCount "42"]
[EventDate "2011.07.01"]

1. e4 e5 2. Nf3 Nc6 3. d4 exd4 4. Nxd4 Bc5 5. Be3 Qf6 6. c3 Nge7 7. Bc4 b6 8.
O-O Bb7 9. Nb5 O-O-O 10. Bxc5 bxc5 11. Qa4 Kb8 12. Bd5 a6 13. N5a3 Nxd5 14.
exd5 Ne5 15. c4 h5 16. Nc3 Rh6 17. Ne4 Qf4 18. Rae1 Rg6 19. Kh1 Nf3 20. g3 Qf5
21. Re3 Qh3 0-1

[Event "VII Festival A"]
[Site "Livorno ITA"]
[Date "2011.07.02"]
[Round "3"]
[White "Kizov, Atanas"]
[Black "Calcagnile, Lucio"]
[Result "1-0"]
[WhiteElo "2393"]
[BlackElo "2024"]
[PlyCount "77"]
[EventDate "2011.07.01"]

1. d4 Nf6 2. c4 e6 3. Nf3 Bb4+ 4. Nbd2 b6 5. a3 Bxd2+ 6. Qxd2 Bb7 7. e3 O-O 8.
Bd3 Ne4 9. Qc2 f5 10. O-O d6 11. Nd2 Qh4 12. f3 Nxd2 13. Bxd2 Rf6 14. d5 g6 15.
Bc3 e5 16. Qa4 Qh6 17. f4 Rf8 18. Rae1 e4 19. Be2 a5 20. Qd1 Nd7 21. g4 Kf7 22.
Kh1 Rg8 23. Rg1 Rae8 24. gxf5 Ke7 25. fxg6 hxg6 26. Rg3 Bc8 27. Qd4 Kd8 28.
Reg1 Qh7 29. b4 axb4 30. axb4 Qf7 31. Bg4 Nf8 32. Bxc8 Kxc8 33. c5 dxc5 34.
bxc5 Rd8 35. Rg5 Qe7 36. cxb6 cxb6 37. Qxb6 Qb7 38. Qc5+ Qc7 39. Qxc7+ 1-0

[Event "VII Festival A"]
[Site "Livorno ITA"]
[Date "2011.07.02"]
[Round "3"]
[White "Nelli, Marcello"]
[Black "Franceschi, Riccardo"]
[Result "0-1"]
[WhiteElo "1794"]
[BlackElo "2082"]
[PlyCount "45"]
[EventDate "2011.07.01"]

1. e4 d5 2. exd5 Qxd5 3. Nc3 Qa5 4. Nf3 Nf6 5. d4 c6 6. Bd2 Bf5 7. Ne4 Qc7 8.
Nxf6+ gxf6 9. Bc4 e6 10. Qc1 Nd7 11. Bf4 Bd6 12. Bxd6 Qxd6 13. Qd2 Nb6 14. Bd3
Bxd3 15. Qxd3 Nd5 16. g3 Qb4+ 17. Nd2 Qxb2 18. O-O Qc3 19. Qxc3 Nxc3 20. Rfe1
Nb5 21. Nb3 O-O-O 22. a4 Nxd4 23. Rac1 0-1

[Event "VII Festival A"]
[Site "Livorno ITA"]
[Date "2011.07.02"]
[Round "3"]
[White "Selifanov, Konstantin"]
[Black "Bini, Alessandro"]
[Result "1-0"]
[WhiteElo "1896"]
[BlackElo "1915"]
[PlyCount "61"]
[EventDate "2011.07.01"]

1. e4 g6 2. d4 Bg7 3. c4 c5 4. d5 d6 5. Qc2 Bd7 6. Bd2 Qc7 7. h3 Na6 8. a3 Rb8
9. Nc3 b6 10. f4 Qd8 11. Nf3 Nc7 12. a4 a5 13. Bd3 Na6 14. Na2 Nb4 15. Nxb4
axb4 16. e5 Nh6 17. g4 Qc7 18. e6 fxe6 19. dxe6 Bc6 20. Bxg6+ Kd8 21. Be4 Qb7
22. Bxc6 Qxc6 23. Rf1 d5 24. cxd5 Qxd5 25. O-O-O Kc8 26. Bc3 Bd4 27. Bxd4 Rg8
28. f5 Qa2 29. Bxc5 Kb7 30. Rd7+ Ka6 31. Qd3+ 1-0

[Event "VII Festival A"]
[Site "Livorno ITA"]
[Date "2011.07.02"]
[Round "3"]
[White "Soventi, Maurizio"]
[Black "Sernagiotto, Mirko Virgilio"]
[Result "0-1"]
[WhiteElo "1874"]
[BlackElo "1970"]
[PlyCount "156"]
[EventDate "2011.07.01"]

1. d4 d5 2. Nf3 Nf6 3. c4 c6 4. e3 a6 5. b3 Ne4 6. Bb2 Bg4 7. a3 e6 8. Be2 Nd7
9. O-O Be7 10. Nbd2 Bf5 11. Nxe4 Bxe4 12. Nd2 Bg6 13. Nf3 O-O 14. Qd2 Qb8 15.
cxd5 cxd5 16. Rac1 Bd6 17. h3 h6 18. Nh4 Bh7 19. f4 Nf6 20. Bd3 Bxd3 21. Qxd3
Ne4 22. Nf3 Qd8 23. Rc2 f5 24. Rfc1 g5 25. Ne5 Qe8 26. Qe2 Kh7 27. Rc7+ Bxc7
28. Rxc7+ Kg8 29. Rxb7 Nf6 30. a4 Qh5 31. Qxh5 Nxh5 32. fxg5 hxg5 33. Nd7 Rf7
34. Ba3 Rd8 35. Nc5 Rxb7 36. Nxb7 Rb8 37. Nc5 Rb6 38. Kf2 Nf6 39. Ke2 Kf7 40.
b4 Ne4 41. Kd3 Nd6 42. Nd7 Rb7 43. Nc5 Ra7 44. Bc1 Ne4 45. Bb2 g4 46. hxg4 Nf2+
47. Ke2 Nxg4 48. Kf3 Nf6 49. Bc3 Ne4 50. Be1 Ke7 51. g4 fxg4+ 52. Kxg4 Nxc5 53.
dxc5 Rb7 54. Kf4 Kd7 55. Ke5 Rb8 56. Bc3 Rf8 57. b5 Rf5+ 58. Kd4 axb5 59. axb5
Rh5 60. c6+ Kc8 61. Kc5 d4+ 62. Kxd4 Rxb5 63. Kc4 Rh5 64. Bd4 Kc7 65. Kd3 Kxc6
66. Ke4 Kd6 67. Ba7 Rh4+ 68. Kd3 Kd5 69. Bb8 Ra4 70. Bc7 Ra3+ 71. Ke2 Ke4 72.
Bb6 Ra2+ 73. Ke1 Kd3 74. Bc5 Re2+ 75. Kf1 Rxe3 76. Bxe3 Kxe3 77. Ke1 e5 78. Kf1
Kd2 0-1